| 000 | 01550nam a2200385 i 4500 | ||
|---|---|---|---|
| 001 | 198159 | ||
| 003 | ES-MaACL | ||
| 005 | 20260608170756.0 | ||
| 007 | ta | ||
| 008 | 260313s2025 sp a||| ||||| 000 1dspa | ||
| 017 |
_aM 15812-2025 _bOficina Depósito Legal Madrid |
||
| 020 | _a978-84-19148-59-9 | ||
| 040 |
_aES-MaACL _bspa _cES-MaACL _erda |
||
| 080 | _a929 Pérex Galdós, Benito (0:82) | ||
| 080 | _a821.134.2-91"20" | ||
| 080 | _a741.52 | ||
| 100 | 1 |
_aEl Torres _d1972- _4aut _9242911 _eaut |
|
| 245 | 1 | 0 |
_aGaldós y la ceguera / _cEl Torres, Alberto Hernández Rivero |
| 250 | _aNuevo Nueve editores por esta primera edición en castellano de septiembre de 2025 | ||
| 264 | 1 |
_aMadrid _bNuevo Nueve, _c2025 |
|
| 264 | 4 | _c©2025 | |
| 300 |
_a57 páginas : _bprincipalmente ilustraciones (color) ; _c28 cm |
||
| 336 |
_aimagen fija _atexto _2rdacontent |
||
| 337 |
_asin mediación _2rdamedia |
||
| 338 |
_avolumen _2rdacarrier |
||
| 500 | _aEjemplar firmado y dedicado por el autor | ||
| 600 | 1 | 7 |
_aPérez Galdós, Benito _d1843-1920 _2embne _990871 |
| 655 | 7 |
_aCómics biográficos _2tgfbne _9242912 |
|
| 700 | 1 |
_aHernández, Alberto _qHernández Rivero _4art _9242914 _eart |
|
| 852 |
_aES-MaACL _cDEPO1 _jA-16001 _gDedicatoria autógrafa del autor _hDonación: El Torres _xEncuadernación cartoné _9207436 |
||
| 942 |
_2udc _cMONOGRAFIA _n0 |
||
| 999 |
_c198159 _d198159 |
||